| 000 | 00375nam a2200145Ia 4500 | ||
|---|---|---|---|
| 008 | 150201s1998 xx 000 0 und d | ||
| 082 |
_a617.453 _bO1998G |
||
| 100 | _aGARDINER JH. | ||
| 245 | _aORTHODONTICS FOR DENTAL STUDENTS | ||
| 250 | _a4TH | ||
| 260 |
_bOXFORD UNIVERSITY PRESS _aOXFORD( LONDON ) _c1998 |
||
| 300 | _a1-314 | ||
| 650 | _aORTHODONTICS | ||
| 942 |
_2ddc _cBK |
||
| 999 |
_c2970 _d2970 |
||